Statistics for Find Cities by Latitude and Longitude on a Map

Click here to take the quiz!

General Stats

  • This quiz has been taken 117 times
  • The average score is 10 of 18

Answers on the Map

Answers color-coded by a green-red scale on the quiz's map according to % correct below.
 

Answer Stats

LatitudeLongitudeCity% Correct
12.0°S77.0°WLima
81%
37.8°N122.4°WSan Francisco
81%
23.1°N82.4°WHavana
75%
43.7°N79.4°WToronto
69%
21.3°S50.3°WSão Paulo
68%
60.2°N24.9°EHelsinki
67%
5.6°N0.2°WAccra
65%
4.4°S15.3°EKinshasa
58%
41.0°N29.0°EIstanbul
56%
36.8°N10.2°ETunis
56%
39.9°N116.4°EBeijing
54%
6.2°S106.8°EJakarta
51%
24.7°N46.7°ERiyadh
51%
37.8°S145.0°EMelbourne
49%
51.2°N71.5°EAstana
42%
27.7°N85.3°EKathmandu
39%
45.4°N12.3°EVenice
38%
13.0°N77.6°EBangalore
34%

Score Distribution

Percentile by Number Answered

Percent of People with Each Score

Your Score History

You have not taken this quiz